000 00383nam a22001577a 4500
005 20180607145826.0
008 160622b xxu||||| |||| 00| 0 eng d
041 _aeng
082 _b9026
_a657
100 _aGiri, Prof Mrityunjoy
_92506
245 _aHigher Secondary Accountancy
260 _bParul Prakashion
_c2008
300 _a16.112
650 _aManagement
_9241
942 _cBK
999 _c3563
_d3562